书目信息 |
| 题名: |
当代国际人物词典
|
|
| 作者: | ;《当代国际人物词典》编写组 编 | |
| 分册: | ||
| 出版信息: | 上海 上海辞书出版社 1980.12 |
|
| 页数: | 1486页 | |
| 开本: | 21cm | |
| 丛书名: | ||
| 单 册: | ||
| 中图分类: | K811-61 | |
| 科图分类: | ||
| 主题词: | 人物--传记--词典--世界 | |
| 电子资源: | ||
| ISBN: | ||
| 000 | 00644nam0 2200205 45 | |
| 001 | 0309091495 | |
| 005 | 20060605092913.29 | |
| 010 | @b精装@dCNY6.70 | |
| 091 | @a17187.38 | |
| 100 | @a20030909d1980 km y0chiy0120 ea | |
| 101 | 0 | @achi |
| 105 | @a z 000yy | |
| 200 | 1 | @a当代国际人物词典@ADang Dai Guo Ji Ren Wu Ci Dian@f《当代国际人物词典》编写组编@F《Dang Dai Guo Ji Ren Wu Ci Dian》Bian Xie Zu Bian |
| 210 | @a上海@c上海辞书出版社@d1980.12 | |
| 215 | @a1486页@d21cm | |
| 606 | 0 | @a人物@x传记@x词典@x世界 |
| 690 | @aK811-61@v3 | |
| 711 | 02 | @a《当代国际人物词典》编写组@4编 |
| 801 | @aCN@bTSTC@c20060605 | |
| 905 | @dK811-61@e1@f1@b36101 | |
| 当代国际人物词典/《当代国际人物词典》编写组编.-上海:上海辞书出版社,1980.12 |
| 1486页;21cm |
| ISBN (精装):CNY6.70 |
| ● |
| 相关链接 |
|
|
|
|
正题名:当代国际人物词典
索取号:K811-61/1
 
预约/预借
| 序号 | 登录号 | 条形码 | 馆藏地/架位号 | 状态 | 备注 |
| 1 | 0036101 | 001692403 | 工具书阅览室/ [索取号:K811-61/1] | 在馆 |